LEADER 00828nam a2200241 a 4500 001 991003914739707536 008 020 $a9788815257093 035 $ab14408326-39ule_inst 040 $aDip.to di Storia, Società e Studi sull'Uomo$bita 082 0 $a944.01 100 1 $aJussen, Bernhard$0254881 245 12$a I Franchi /$cBernhard Jussen 260 $aBologna :$bIl mulino,$c2015 300 $a161 p. :$bill. ;$c21 cm 490 0 $aUniversale paperbacks ;$v691 650 4$aFranchi 907 $a.b14408326$b15-01-21$c15-01-21 912 $a991003914739707536 945 $aLE023 944.01 JUS 1 1$g1$i2023000188873$lle023$op$pE14.00$q-$rl$s- $t0$u0$v0$w0$x0$y.i15947543$z15-01-21 996 $aFranchi$91385274 997 $aUNISALENTO 998 $ale023$b15-01-21$cm$da $e-$fita$git $h2$i0